Pays d'Europe les plus peuplés sur une Carte - Statistiques

Statistiques générales
  • Ce quiz a été pris 139 fois
  • Le résultat moyen est 14 sur 15
Réponses sur la Carte
Les réponses sont colorées sur une échelle allant du rouge au vert en fonction du pourcentage des utilisateurs qui les ont devinées à leur premier essai. Vous pouvez retrouver ces pourcentages ci-dessous.
 
Statistiques - réponses
Pays % Correct
Allemagne
100%
Espagne
100%
France
100%
Italie
100%
Royaume-Uni
99%
Russie
97%
Belgique
96%
Pologne
96%
Portugal
95%
Ukraine
95%
Grèce
93%
Pays-Bas
92%
Roumanie
92%
République Tchèque
81%
Turquie
27%
Aucun quiz correspondant
Distribution des résultats
% des personnes avec chaque résultat
Percentile par nombre de réponses
Votre historique - résultats
Vous n’avez pas pris ce quiz